| 000 | 00393nam a2200133Ia 4500 | ||
|---|---|---|---|
| 008 | 250506s9999 xx 000 0 und d | ||
| 024 | _a13B-121-BS, 13B-101-BS & 13B-89-BS | ||
| 082 | _a647.94072 SYE | ||
| 100 | _aSyed Sumair, M.Azmul Haq & Abdul Moiz | ||
| 245 | 0 | _aTap to Go | |
| 260 |
_aKarachi: _bUIT, _c2013 |
||
| 600 | _aComputer Science | ||
| 650 | _aBachelor of Computer Science (BS) | ||
| 999 |
_c28483 _d28483 |
||